| 000 | 00836 a2200217 4500 | ||
|---|---|---|---|
| 999 |
_c2869 _d2869 |
||
| 020 | _a9780199660094 (hbk.) | ||
| 020 | _a0199660093 (hbk.) | ||
| 050 | 0 | 0 | _aJV7590 CUL 2012 |
| 100 | _aAlgan, Yann | ||
| 245 | 0 | 0 |
_aCultural integration of immigrants in Europe / _cedited by Yann Algan [and others]. |
| 264 | 1 |
_aOxford : _bOxford University Press, _c2012. |
|
| 300 |
_axiv, 344 pages : _billustrations ; |
||
| 500 | _aStudies of Policy reform | ||
| 504 | _aIncludes bibliographical references and index. | ||
| 650 | 0 |
_aImmigrants _xCultural assimilation |
|
| 651 | 0 | _aEurope | |
| 700 | 1 | _aAlgan, Yann. | |
| 942 |
_2lcc _cBK _h7590 _iCUL _kJV |
||